| 000 | 00447nam a22001577a 4500 | ||
|---|---|---|---|
| 999 |
_c532526 _d532526 |
||
| 020 | _a9350145170 | ||
| 082 |
_a692.3 _bSON |
||
| 100 | _aSoni Saurabh Kumar | ||
| 245 | _aConstruction Management and Equipment | ||
| 260 |
_aNew Delhi : _bS.K. Kataria & Sons; _c2014. |
||
| 300 | _a402p. | ||
| 942 |
_2ddc _cBK |
||
| 504 | _aIncludes bibliography | ||
| 650 |
_aBuilding constructions _918370 |
||